Legislación municipal 1999

שמור ב:
מידע ביבליוגרפי
פורמט: ספר
שפה:ספרדית
יצא לאור: Santiago Jurídica Conosur 1999
נושאים:
תגים: הוספת תג
אין תגיות, היה/י הראשונ/ה לתייג את הרשומה!

MARC

LEADER 00000nam a2200000 a 4500
001 UCO8360
003 CL-VaPUC
008 001201e19990000CL |||||||||||||||||spa|d
082 0 4 |a 352.007  |b LEG  |2 21 
245 1 0 |a Legislación municipal 1999 
300 |a v 
942 |c BK 
945 |d 20001201 00:00:00  |a vberengu 
260 |a Santiago  |b Jurídica Conosur  |c 1999 
650 0 |a Administración pública   |9 255343 
650 0 |a Autonomía municipal  |9 403956 
650 7 |a DERECHO MUNICIPAL  |2 CL-VaPUC  |9 257568 
650 0 |a Gobierno local  |9 258648 
650 7 |a LEGISLACION MUNICIPAL  |2 CL-VaPUC  |9 403955 
650 0 |a Municipalidades   |9 255557 
650 7 |a ORDENANZAS MUNICIPALES  |2 CL-VaPUC  |9 257662 
583 |a last modification  |c 20001201 00:00:00  |k Rodrigo Vera 
999 |c 293029  |d 293027 
952 |0 0  |1 0  |4 0  |6 352_007000000000000_LEG_1999  |7 0  |8 A  |9 344136  |a BIBDER  |b BIBDER  |d 2019-11-20  |h v.1  |i 3672719  |o 352.007 LEG 1999  |p 3672719  |r 2019-11-20  |w 2019-11-20  |y BK  |k DER 
952 |0 0  |1 0  |4 0  |6 352_007000000000000_LEG_1999  |7 0  |8 A  |9 344137  |a BIBDER  |b BIBDER  |d 2019-11-20  |h v.2  |i 3672727  |o 352.007 LEG 1999  |p 3672727  |r 2019-11-20  |w 2019-11-20  |y BK  |k DER 
952 |0 0  |1 0  |4 0  |6 352_007000000000000_LEG_1999  |7 0  |8 A  |9 344138  |a BIBDER  |b BIBDER  |d 2019-11-20  |h v.3  |i 3672735  |o 352.007 LEG 1999  |p 3672735  |r 2019-11-20  |w 2019-11-20  |y BK  |k DER